[Event "Kiev Independence Cup-A 5th"]
[Site "Kiev"]
[Date "2005.08.20"]
[Round "9"]
[White "Sergienko, Nikolay"]
[Black "Kuzmenko, Yevgen"]
[Result "0-1"]
[WhiteElo "2166"]
[BlackElo "2291"]
[PlyCount "90"]
[EventDate "2005.08.12"]
[EventType "swiss"]
[EventRounds "11"]
[EventCountry "UKR"]
[SourceTitle "CBM 107 Extra"]
[Source "ChessBase"]
[SourceDate "2005.09.01"]
[SourceVersion "1"]
[SourceVersionDate "2005.09.01"]
[SourceQuality "1"]

1. Nf3 Nf6 2. d4 e6 3. c4 Bb4+ 4. Bd2 Bxd2+ 5. Nbxd2 d6 6. g3 Nc6 7. Bg2 e5 8. d5 Nb8 9. h3 Qe7 10. e4 a5 11. a3 a4 12. Qc2 Nbd7 13. g4 h5 14. g5 Nh7 15. h4 Nhf8 16. Bh3 Ng6 17. Bxd7+ Bxd7 18. Rc1 b6 19. Ng1 0-0 20. Ne2 f6 21. Qd3 fxg5 22. hxg5 Qxg5 23. Qg3 Qxg3 24. Nxg3 h4 25. Ne2 Rf6 26. Rc3 Raf8 27. f3 Kf7 28. Nf1 Ke7 29. Nh2 Nf4 30. Nxf4 Rxf4 31. Rg1 Kf6 32. Rc2 h3 33. Rg3 g5 34. Rf2 Kg6 35. Rf1 Kh5 36. Rfg1 g4 37. fxg4+ Kh4 38. Re3 Rf2 39. Rh1 Rxb2 40. Rf1 Rb1+ 41. Ke2 Bxg4+ 42. Nf3+ Bxf3+ 43. Rexf3 Rxf1 44. Rxf1 Rxf1 45. Kxf1 Kg3 0-1

[Event "Kiev Independence Cup-A 5th"]
[Site "Kiev"]
[Date "2005.08.16"]
[Round "5"]
[White "Kuzmenko, Yevgen"]
[Black "Ianovsky, Alexander"]
[Result "0-1"]
[WhiteElo "2291"]
[BlackElo "2297"]
[PlyCount "112"]
[EventDate "2005.08.12"]
[EventType "swiss"]
[EventRounds "11"]
[EventCountry "UKR"]
[SourceTitle "CBM 107 Extra"]
[Source "ChessBase"]
[SourceDate "2005.09.01"]
[SourceVersion "1"]
[SourceVersionDate "2005.09.01"]
[SourceQuality "1"]

1. e4 e6 2. d4 d5 3. e5 c5 4. Nf3 Nc6 5. Bd3 Nxd4 6. Nxd4 cxd4 7. 0-0 Ne7 8. Re1 Nc6 9. a3 Bd7 10. b4 a6 11. Nd2 g6 12. Nf3 Bg7 13. h4 h6 14. Bf4 Qc7 15. Qe2 0-0-0 16. Qd2 Rdg8 17. a4 g5 18. b5 gxf4 19. bxc6 Bxc6 20. Qxf4 h5 21. Qxd4 Bh6 22. Reb1 Rg4 23. Qa7 Rhg8 24. g3 d4 25. Be2 Be3 26. Kf1 d3 27. Qxe3 dxe2+ 28. Qxe2 Re4 29. Qd3 Rd8 30. Qb3 Bd5 31. Qa3 Rc4 32. Rb3 Rxc2 33. Re3 Qc4+ 34. Kg1 Bc6 35. Qb3 Qc5 36. Rb1 a5 37. Qa3 Qc4 38. Qb3 Qxa4 39. Qxa4 Bxa4 40. Ng5 Bc6 41. Nxf7 Rdd2 42. Nd6+ Kc7 43. Rf1 Re2 44. Rxe2 Rxe2 45. Nc4 a4 46. Rc1 Kd7 47. Kf1 Ra2 48. Rd1+ Ke7 49. Kg1 b5 50. Ne3 a3 51. g4 hxg4 52. Rd6 Bf3 53. Ra6 b4 54. Ra7+ Kd8 55. h5 Ra1+ 56. Nf1 b3 0-1

[Event "Kiev Independence Cup-A 5th"]
[Site "Kiev"]
[Date "2005.08.13"]
[Round "2"]
[White "Leshchenko, Vasilij"]
[Black "Kuzmenko, Yevgen"]
[Result "0-1"]
[WhiteElo "2159"]
[BlackElo "2291"]
[PlyCount "114"]
[EventDate "2005.08.12"]
[EventType "swiss"]
[EventRounds "11"]
[EventCountry "UKR"]
[SourceTitle "CBM 107 Extra"]
[Source "ChessBase"]
[SourceDate "2005.09.01"]
[SourceVersion "1"]
[SourceVersionDate "2005.09.01"]
[SourceQuality "1"]

1. e4 e6 2. d4 d5 3. Nc3 Bb4 4. e5 c5 5. a3 Bxc3+ 6. bxc3 Ne7 7. Nf3 Bd7 8. Be2 Ba4 9. 0-0 c4 10. Ng5 Nbc6 11. f4 h6 12. Nh3 Qa5 13. Bd2 0-0-0 14. Kh1 Kb8 15. g4 g6 16. Ng1 h5 17. Be1 hxg4 18. Bxg4 Rh6 19. Nf3 Rdh8 20. Qd2 Nf5 21. Rg1 Ncxd4 22. cxd4 Qxd2 23. Bxd2 Nxd4 24. Rg2 Nxc2 25. Rc1 d4 26. Ng5 Rh4 27. Rxc2 Bxc2 28. Be1 Rxg4 29. Rxg4 Bf5 30. Rg1 c3 31. Kg2 Rc8 32. Nxf7 d3 33. Nd6 Rc5 34. Nxf5 exf5 35. Kf2 d2 36. Bxd2 cxd2 37. Rd1 Rc4 38. Ke3 Re4+ 39. Kf3 Ra4 40. Rxd2 Rxa3+ 41. Kf2 Ra6 42. Ke3 Kc7 43. Kd4 Kd7 44. Kc5+ Ke7 45. Rg2 Kf7 46. Rb2 b6+ 47. Kd5 Ra5+ 48. Kd6 Ra4 49. Rd2 Rxf4 50. e6+ Kf6 51. Kd7 Re4 52. Rd6 b5 53. Ra6 b4 54. Ra4 Rd4+ 55. Ke8 Kxe6 56. Rxa7 f4 57. Kf8 Rd8+ 0-1

[Event "Wroclaw-ch"]
[Site "Wroclaw"]
[Date "2004.??.??"]
[Round "9"]
[White "Grossmann, Ryszard"]
[Black "Kuzmenko, Yevgen"]
[Result "0-1"]
[WhiteElo "2205"]
[BlackElo "2250"]
[PlyCount "54"]
[EventDate "2004.??.??"]
[EventType "swiss"]
[EventRounds "9"]
[EventCountry "POL"]
[SourceTitle "EXT 2007"]
[Source "ChessBase"]
[SourceDate "2006.11.23"]
[SourceVersion "1"]
[SourceVersionDate "2006.11.23"]
[SourceQuality "1"]

1. d4 e6 2. e4 d5 3. e5 c5 4. c3 Nc6 5. Nf3 Nge7 6. a3 Nf5 7. b4 cxd4 8. cxd4 Bd7 9. Be2 Rc8 10. 0-0 Be7 11. Bb2 h5 12. Nbd2 g5 13. Nb3 g4 14. Ne1 Qb6 15. Qd2 Rg8 16. f4 h4 17. b5 Nxe5 18. fxe5 Bxb5 19. Bxb5+ Qxb5 20. Qd3 Rc4 21. Nc2 h3 22. g3 Kd7 23. Rab1 Rgc8 24. Rxf5 exf5 25. Ne3 Rc1+ 26. Nxc1 Rxc1+ 27. Rxc1 Qxd3 0-1

[Event "Kharkov Caissa op"]
[Site "Kharkov"]
[Date "2000.02.29"]
[Round "4"]
[White "Yeremenko, Andrei V"]
[Black "Kuzmenko, Yevgen"]
[Result "0-1"]
[WhiteElo "2414"]
[BlackElo "2252"]
[PlyCount "88"]
[EventDate "2000.01.27"]
[EventType "swiss"]
[EventRounds "9"]
[EventCountry "UKR"]
[SourceTitle "EXT 2001"]
[Source "ChessBase"]
[SourceDate "2000.11.22"]
[SourceVersion "1"]
[SourceVersionDate "2000.11.22"]
[SourceQuality "1"]

1. Nf3 Nf6 2. b3 d5 3. Bb2 Bf5 4. e3 e6 5. Be2 Nbd7 6. 0-0 Bd6 7. c4 c6 8. Nc3 Nc5 9. d3 dxc4 10. dxc4 a5 11. Nd4 Bg6 12. Bf3 0-0 13. g3 Nd3 14. Qd2 e5 15. Nde2 Nxb2 16. Qxb2 e4 17. Bg2 Qe7 18. Qc2 Rfe8 19. Rad1 Rad8 20. Nd4 Qe5 21. Nce2 Bh5 22. Rc1 Bb4 23. Nf4 c5 24. Nxh5 Qxh5 25. Nb5 Rd2 26. Qb1 Ng4 27. h3 Nxe3 28. a3 Nxf1 29. Rxf1 e3 30. axb4 e2 31. g4 exf1Q+ 32. Qxf1 Qe5 33. Bxb7 axb4 34. Bd5 Re2 35. Kg2 Qf4 36. Bf3 Re1 37. Qd3 Qc1 38. Kg3 Rg1+ 39. Bg2 g5 40. Kh2 Rd1 41. Qg3 Qf4 42. Qxf4 gxf4 43. Nc7 Re2 44. Nd5 Rxf2 0-1

[Event "UKR-ch"]
[Site "Sevastopol"]
[Date "2000.??.??"]
[Round "5"]
[White "Kushch, Nikolai"]
[Black "Kuzmenko, Yevgen"]
[Result "1/2-1/2"]
[WhiteElo "2400"]
[BlackElo "2252"]
[PlyCount "116"]
[EventDate "2000.??.??"]
[EventType "swiss"]
[EventRounds "9"]
[EventCountry "UKR"]
[SourceTitle "EXT 2001"]
[Source "ChessBase"]
[SourceDate "2000.11.22"]
[SourceVersion "1"]
[SourceVersionDate "2000.11.22"]
[SourceQuality "1"]

1. c4 Nf6 2. Nf3 e6 3. Nc3 Bb4 4. Qc2 c5 5. a3 Bxc3 6. Qxc3 b6 7. g4 0-0 8. g5 Ne4 9. Qe3 d5 10. Bg2 Bb7 11. d3 Nd6 12. b3 Nc6 13. Qf4 dxc4 14. bxc4 Nd4 15. Nxd4 Bxg2 16. Rg1 cxd4 17. Rxg2 Nf5 18. Rb1 Qd7 19. h4 Qa4 20. h5 Qc2 21. Rb4 e5 22. Qd2 Qxd2+ 23. Bxd2 Nd6 24. f3 Rfe8 25. Kf2 Rac8 26. Rg1 Re6 27. Rgb1 f5 28. gxf6 gxf6 29. a4 f5 30. a5 e4 31. Bf4 exd3 32. exd3 Nb7 33. axb6 axb6 34. Rxb6 Rxb6 35. Rxb6 Nc5 36. Ke2 Re8+ 37. Kd2 Ra8 38. Rb8+ Rxb8 39. Bxb8 Kf7 40. Be5 Ne6 41. c5 Nxc5 42. Bxd4 Na6 43. Ke3 Ke6 44. Kf4 Nb4 45. Kg5 Nxd3 46. Kh6 Kf7 47. Kxh7 f4 48. Bc3 Nc1 49. Kh6 Ne2 50. Bb2 Ng1 51. Kg5 Nxf3+ 52. Kxf4 Nd2 53. Bd4 Nc4 54. Kg5 Nd6 55. Be5 Nc8 56. h6 Kg8 57. Bd4 Ne7 58. Bc5 Nd5 1/2-1/2

[Event "UKR-chT 7th"]
[Site "Alushta"]
[Date "1999.04.??"]
[Round "8"]
[White "Abramchuk, Klavdia"]
[Black "Kuzmenko, Yevgen"]
[Result "0-1"]
[WhiteElo "2170"]
[BlackElo "2205"]
[PlyCount "112"]
[EventDate "1999.04.03"]
[EventType "team-swiss"]
[EventRounds "10"]
[EventCountry "UKR"]
[SourceTitle "EXT 2019"]
[Source "ChessBase"]
[SourceDate "2018.10.10"]
[SourceVersion "1"]
[SourceVersionDate "2018.10.10"]
[SourceQuality "1"]
[WhiteTeam "Kiev Mriya Grandmaster School"]
[BlackTeam "Donetsk region"]
[WhiteTeamCountry "UKR"]
[BlackTeamCountry "UKR"]

1. d4 Nf6 2. Nf3 e6 3. c4 b6 4. g3 Ba6 5. b3 Bb4+ 6. Bd2 Be7 7. Bg2 Bb7 8. Nc3 Ne4 9. d5 Nxd2 10. Qxd2 f5 11. 0-0 0-0 12. Rad1 a5 13. Nd4 e5 14. d6 Bxg2 15. dxe7 Qxe7 16. Nxf5 Rxf5 17. Kxg2 Rf7 18. Nd5 Qc5 19. Qg5 Na6 20. Qxe5 c6 21. Qe4 cxd5 22. Rxd5 Qc6 23. Rfd1 Nb4 24. Re5 Qxe4+ 25. Rxe4 Nxa2 26. Red4 Ra7 27. Rd6 Rb7 28. Ra1 Nc3 29. f3 b5 30. Rd3 b4 31. Rxa5 Nxe2 32. Kf2 Re7 33. Rd1 Nc3 34. Rd2 Rb6 35. g4 Rf6 36. Kg2 Rfe6 37. Kg3 Re3 38. Ra8+ Kf7 39. Rc2 Ne4+ 40. Kg2 Nc5 41. Ra5 Nxb3 42. Rf5+ Kg8 43. Rd5 Rc3 44. Ra2 Rxc4 45. Ra8+ Kf7 46. Rf5+ Ke6 47. Ra6+ Rc6 48. Ra4 Nd4 49. Rf4 Rc2+ 50. Kh3 Nc6 51. Ra6 b3 52. Rb4 Rc3 53. Kg3 Rf7 54. Kh4 Rfxf3 55. Kg5 Rc5+ 56. Kh4 g5+ 0-1